| 000 | 00373nam a22001457a 4500 | ||
|---|---|---|---|
| 005 | 20170605105939.0 | ||
| 008 | 170605b xxu||||| |||| 00| 0 eng d | ||
| 040 | _cPK-LaUMT | ||
| 082 |
_aZIAC 297.01 _bMAL-S |
||
| 100 | _aMalik bin Nabi | ||
| 245 |
_aSharoot unahzat/ _cMalik bin Nabi |
||
| 260 |
_aقاھرہ: _bدارالفکر، _c1969 |
||
| 300 | _a239 ص | ||
| 942 | _cBK | ||
| 999 |
_c94338 _d94338 |
||